|
|
|
|
| LEADER |
00000nab a2200000 a 4500 |
| 001 |
vtls010716652 |
| 003 |
SK-MaSNL |
| 005 |
20260304190420.0 |
| 008 |
250709s2008 xo |||||||||||||||||slo| |
| 035 |
|
|
|a (urnnbn)urn:nbn:sk:snk:ar-a04n2e
|
| 035 |
|
|
|a (uuid)3a589b24-9318-48dc-a602-f22387ebe04a
|
| 035 |
|
|
|a urn:nbn:sk:snk-ab3iln
|
| 040 |
|
|
|a SNKBUCL
|b slo
|c SNKBUCL
|e AACR2
|
| 041 |
0 |
|
|a eng
|
| 044 |
|
|
|a xo
|c SK
|
| 100 |
1 |
|
|a Simić, Z.
|4 aut
|9 1521443
|
| 245 |
1 |
0 |
|a On Stark broadening of Mn II lines in Ap-star conditions
|c Z. Simić, M. S. Dimitrijević, L. Č. Popović, M. Dačić, A. Kovačević, S. Sahal-Bréchot
|
| 700 |
1 |
|
|a Dimitrijević, M. S.
|4 aut
|9 1521444
|
| 700 |
1 |
|
|a Popović, L. Č.
|4 aut
|9 1521445
|
| 700 |
1 |
|
|a Dačić, M.
|4 aut
|9 1521446
|
| 700 |
1 |
|
|a Kovačević, A.
|4 aut
|9 1521447
|
| 700 |
1 |
|
|a Sahal-Bréchot, S.
|4 aut
|9 1521448
|
| 773 |
0 |
|
|t Contributions of the Astronomical Observatory Skalnaté Pleso
|g Roč. 38, č. 2 (2008), s. [451]-452
|
| 850 |
|
|
|a Slovenská národná knižnica
|
| 852 |
|
|
|a Slovenská národná knižnica
|
| 958 |
|
|
|a article1
|
| 958 |
|
|
|a OND
|
| 958 |
|
|
|a EUIPO
|
| 999 |
|
|
|c 3050133
|d 3052063
|